Фотограмметрия как инструмент реверс-инжиниринга; Молодежь и современные информационные технологии

Podrobná bibliografie
Parent link:Молодежь и современные информационные технологии.— 2018.— [С. 159-160]
Korporativní autor: Национальный исследовательский Томский политехнический университет Инженерная школа новых производственных технологий Отделение материаловедения
Další autoři: Беспалов Д. В., Сотников Н. Н. Николай Николаевич, Гаврилин А. Н. Алексей Николаевич, Иванов С. Е., Козырев А. Н.
Shrnutí:Заглавие с титульного экрана
В статье раскрывается понятие фотограмметрии и реверс-инжиниринга, приведен метод реверс-инжиниринга и его описание. Проведен и описан эксперимент по созданию 3D модели, при помощи метода фотограмметрии.
Jazyk:ruština
Vydáno: 2018
Edice:Информационные технологии в производстве и управлении предприятием
Témata:
On-line přístup:http://earchive.tpu.ru/handle/11683/46577
Médium: MixedMaterials Elektronický zdroj Kapitola
KOHA link:https://koha.lib.tpu.ru/cgi-bin/koha/opac-detail.pl?biblionumber=626287

MARC

LEADER 00000naa2a2200000 4500
001 626287
005 20231214112602.0
035 |a (RuTPU)RU\TPU\conf\25645 
035 |a RU\TPU\conf\25643 
090 |a 626287 
100 |a 20180226d2018 k y0rusy50 ca 
101 0 |a rus 
102 |a RU 
105 |a y z 101zy 
135 |a drcn ---uucaa 
181 0 |a i  
182 0 |a b 
200 1 |a Фотограмметрия как инструмент реверс-инжиниринга  |f Д. В. Беспалов [и др.] 
203 |a Текст  |c электронный 
225 1 |a Информационные технологии в производстве и управлении предприятием 
300 |a Заглавие с титульного экрана 
320 |a [Библиогр.: с. 160 (4 назв.)] 
330 |a В статье раскрывается понятие фотограмметрии и реверс-инжиниринга, приведен метод реверс-инжиниринга и его описание. Проведен и описан эксперимент по созданию 3D модели, при помощи метода фотограмметрии. 
463 0 |0 (RuTPU)RU\TPU\conf\25518  |t Молодежь и современные информационные технологии  |o сборник трудов XV Международной научно-практической конференции студентов, аспирантов и молодых учёных, 04-07 декабря 2017 г., г. Томск  |f Национальный исследовательский Томский политехнический университет, Инженерная школа информационных технологий и робототехники ; под ред. С. С. Михалевич [и др.]  |v [С. 159-160]  |d 2018 
610 1 |a электронный ресурс 
610 1 |a труды учёных ТПУ 
610 1 |a фотограмметрия 
610 1 |a инжиниринг 
610 1 |a реверс-инжиниринг 
610 1 |a 3D-модели 
610 1 |a PhotoScan 
701 1 |a Беспалов  |b Д. В. 
701 1 |a Сотников  |b Н. Н.  |c специалист в области машиностроения  |c ассистент Томского политехнического университета  |f 1980-  |g Николай Николаевич  |3 (RuTPU)RU\TPU\pers\30653 
701 1 |a Гаврилин  |b А. Н.  |c специалист в области машиностроения  |c доцент Томского политехнического университета, кандидат технических наук  |f 1960-  |g Алексей Николаевич  |3 (RuTPU)RU\TPU\pers\28206  |9 13160 
701 1 |a Иванов  |b С. Е. 
701 1 |a Козырев  |b А. Н. 
712 0 2 |a Национальный исследовательский Томский политехнический университет  |b Инженерная школа новых производственных технологий  |b Отделение материаловедения  |3 (RuTPU)RU\TPU\col\23508 
801 2 |a RU  |b 63413507  |c 20201229  |g RCR 
856 4 |u http://earchive.tpu.ru/handle/11683/46577 
942 |c BK